Music Quiz

Random Music or Lyrics Quiz

Guess the Lyrics to the Unknown Musical Song 1 Quiz Stats

 Plays Quiz not verified by Sporcle

Challenge
Share
Tweet
Embed
Score 0/136 Timer 20:00
0 Plays Today
% Correct
The
90%
the
90%
The
90%
the
90%
The
90%
You
86.7%
you
86.7%
you
86.7%
you
86.7%
an
86.7%
an
86.7%
an
86.7%
And
80%
and
80%
and
80%
me
76.7%
In
76.7%
on
76.7%
is
70%
my
70%
of
70%
is
70%
to
70%
to
70%
to
70%
is
70%
my
70%
my
70%
my
70%
for
65%
be
63.3%
not
63.3%
that
58.3%
Where
58.3%
will
55%
know
53.3%
It's
53.3%
How
51.7%
too
51.7%
can't
48.3%
could
46.7%
I
46.7%
I
46.7%
but
45%
But
45%
From
45%
% Correct
as
38.3%
as
38.3%
nothing
36.7%
about
36.7%
time
36.7%
our
35%
our
35%
our
35%
our
35%
us
35%
our
35%
every
33.3%
had
33.3%
You've
30%
never
30%
like
28.3%
like
28.3%
sun
25%
sun
25%
by
23.3%
even
21.7%
long
21.7%
good
21.7%
bad
20%
A
20%
a
20%
world
20%
which
16.7%
understand
15%
care
13.3%
Far
13.3%
less.
11.7%
past
11.7%
another
10%
broken
10%
land
8.3%
space
8.3%
Between
8.3%
evil
8.3%
evil
8.3%
emptiness?
6.7%
beyond
6.7%
reach
6.7%
lie
6.7%
present
6.7%
empty
6.7%
% Correct
moment
6.7%
nowhere
6.7%
return
6.7%
knowledge
5%
wealth
5%
bleeding
5%
dry
5%
spirit
5%
possess.
5%
timeless
5%
leading
5%
sad
5%
enough
5%
future
5%
Both
5%
plundered
3.3%
wisdom
3.3%
Invaded
3.3%
insidious
3.3%
Foreign
3.3%
bodies,
3.3%
Foreign
3.3%
speech
3.3%
joys
3.3%
childhood
3.3%
beach
3.3%
pointless
3.3%
lay
3.3%
waste
3.3%
certainty
3.3%
barren
3.3%
heartless
3.3%
material,
3.3%
wretched
3.3%
spoils
3.3%
concern.
3.3%
Shining
3.3%
childhood
3.3%
treasures
3.3%
burn.
3.3%
Shining
3.3%
childhood
3.3%
treasures
3.3%
burn.
3.3%

You're not logged in!

Compare scores with friends on all Sporcle quizzes.
OR
Log In

You Might Also Like...

Show Comments

Extras

Created Sep 15, 2012ReportNominate
Tags:Lyrics Quiz, Musical Songs

Top Quizzes Today


Score Distribution

Your Account Isn't Verified!

In order to create a playlist on Sporcle, you need to verify the email address you used during registration. Go to your Sporcle Settings to finish the process.

Report this User

Report this user for behavior that violates our Community Guidelines.

Details: